00535nam a2200193 a 4500003000400000005001700004008004100021040002400062041000800086082001600094100003100110245007400141250001200215260002800227300001100255653004800266942001200314999001500326OSt20130927193648.0130927s1993 ag ||||| |||| 00| 0 spa d cBiblioteca Medicina aspa bVARIOS 03341 aSpinelli, Hugo (ed.)9262200aVI Jornadas de Atencion Primaria de la Salud y III de Medicina Social a1ยบ ed. aBuenos Airesbs/nc1993 a349 p. aATENCION PRIMARIA DE LA SALUD-JORNADAS-1992 2ddccPH c1695d1695